Where grass will be greener (Record no. 117004)

MARC details
000 -LEADER
fixed length control field 01256cam a2200229 4500
001 - CONTROL NUMBER
control field X125053
008 - FIXED-LENGTH DATA ELEMENTS--GENERAL INFORMATION
fixed length control field 040205n2004 000 0 eng u
035 ## - SYSTEM CONTROL NUMBER
System control number (Sirsi) u125053
100 ## - MAIN ENTRY--PERSONAL NAME
Personal name Pearson, A.
245 ## - TITLE STATEMENT
Title Where grass will be greener
260 ## - PUBLICATION, DISTRIBUTION, ETC.
Date of publication, distribution, etc. 2004
490 ## - SERIES STATEMENT
Series statement Building
Volume/sequential designation 269(8316) 23 January 2004, 22-25(4)
520 ## - SUMMARY, ETC.
Summary, etc. Examines the new design for the Centre Court at Wimbledon which should be in place by 2009. Explains that the new roof should offer a guaranteed amount of tennis each day to television companies that bankroll the tournament. Architect HOK Sport has spent three years getting the detail of the design right. This includes the changes to the existing roof which will be replaced with one made of a foldable fabric. A solution also had to be found to ensure the conditions inside the new enclosed space were suitable for players and spectators so an air conditioning system was developed which is capable of maintaining the court's internal environment. Work is scheduled to start in 2006.
590 ## - LOCAL NOTE (RLIN)
Local note ABS
590 ## - LOCAL NOTE (RLIN)
Local note ABS
650 ## - SUBJECT ADDED ENTRY--TOPICAL TERM
Topical term or geographic name entry element WIMBLEDON
650 ## - SUBJECT ADDED ENTRY--TOPICAL TERM
Topical term or geographic name entry element TENNIS COURT
650 ## - SUBJECT ADDED ENTRY--TOPICAL TERM
Topical term or geographic name entry element ROOFING
650 ## - SUBJECT ADDED ENTRY--TOPICAL TERM
Topical term or geographic name entry element ALL WEATHER STADIA
690 ## - LOCAL SUBJECT ADDED ENTRY--TOPICAL TERM (OCLC, RLIN)
Topical term or geographic name as entry element BUILDING AND CONSTRUCTION-DESIGN AND STRUCTURES
942 ## - ADDED ENTRY ELEMENTS (KOHA)
Suppress in OPAC 0
Holdings
Withdrawn status Lost status Source of classification or shelving scheme Damaged status Not for loan Home library Current library Shelving location Date acquired Total Checkouts Full call number Barcode Date last seen Copy number Price effective from Koha item type
    Dewey Decimal Classification     London London Journal article 05/02/2004   X125053 125053-1001 06/08/2019 1 06/08/2019 Journal article